00636cam a2200193 a 450000100100000000500170001000800410002702000150006804000290008308200280011210000300014024501020017025000110027226000400028330000280032349000230035165000450037483000230041900001469520200929163904.0810813s1981 mx a b 000 0 spa d a9682310113 aDO-SdBNPbspacLCdBNPHU a305.427285bR188t, 19811 aRandall, Margaret,d1936-10aTodas estamos despiertas :btestimonios de la mujer nicaragüense de hoy... /cMargaret Randall. a2a ed. aMéxico :bSiglo Veintiuno,c1981. a299 p. :bil. ;c18 cm.1 aHistoria Inmediata 4aMujereszNicaraguaxCondiciones sociales 0aHistoria Inmediata